| 000 | 01430cam a2200481 a 4500 | ||
|---|---|---|---|
| 020 | _a0673596370 (Gr. 1.2) | ||
| 020 | _a9780673596376 (Gr. 1.2) | ||
| 020 | _a0673596389 (Gr. 1.3) | ||
| 020 | _a9780673596383 (Gr. 1.3) | ||
| 020 | _a0673596397 (Gr. 1.4) | ||
| 020 | _a9780673596390 (Gr. 1.4) | ||
| 020 | _a0673596400 (Gr. 1.5) | ||
| 020 | _a9780673596406 (Gr. 1.5) | ||
| 020 | _a0673596753 (Gr. 1.6) | ||
| 020 | _a9780673596758 (Gr. 1.6) | ||
| 020 | _a0673596419 (Gr. 2.1) | ||
| 020 | _a9780673596413 (Gr. 2.1) | ||
| 020 | _a0673596427 (Gr. 2.2) | ||
| 020 | _a9780673596420 (Gr. 2.2) | ||
| 020 | _a0673596435 (Gr. 3.1) | ||
| 020 | _a9780673596437 (Gr. 3.1) | ||
| 020 | _a0673596443 (Gr. 3.2) | ||
| 020 | _a9780673596444 (Gr. 3.2) | ||
| 020 | _a0673596451 (Gr. 4) | ||
| 020 | _a9780673596451 (Gr. 4) | ||
| 020 | _a0673596478 (Gr. 5) | ||
| 020 | _a9780673596475 (Gr. 5) | ||
| 020 | _a0673596494 (Gr. 6) | ||
| 020 | _a9780673596499 (Gr. 6) | ||
| 040 | _cGO4 | ||
| 082 | _a428 SCO 2000 A024 Or. | ||
| 245 | 0 | 0 | _aScott Foresman reading / |
| 246 | 3 | 0 | _aReading |
| 260 |
_aGlenview, Ill. : _bScott Foresman, _c2000. |
||
| 300 |
_av. : _bcol. ill. ; _c29 cm. |
||
| 650 | 0 | _aReaders (Elementary) | |
| 650 | 0 | _aReaders (Primary) | |
| 650 | 0 | _aReading (Elementary) | |
| 650 | 0 | _aReading (Primary) | |
| 700 | 1 | _aAfflerbach, Peter. | |
| 710 | 2 | _aScott, Foresman and Company. | |
| 942 | _cEK | ||
| 999 |
_c13996 _d13996 |
||